000 01432cam a2200397 a 4500
999 _c21708
_d21708
001 17032105
003 OSt
005 20200610140334.0
008 091201s2008 ii abf g b 000 0 eng d
010 _a 2011350784
020 _a9788188629473
020 _a8188629472
025 _aI-E-2011-350784; 11-90
035 _a(OCoLC)ocn474740607
035 _a(OCoLC)474740607
037 _aLibrary of Congress -- New Delhi Overseas Office
040 _aDKAGE
_beng
_coclc
_dDLC
042 _alccopycat
_alcode
043 _aa-ii---
050 0 0 _aBQ286
_b.O75 2008
082 0 4 _a294.30954
_bMIT/O
100 _92740
_aMittal, P
245 0 0 _aOrigin and development of Buddhism in India :
_bcollection of articles from the Indian antiquary /
_ccompiled by P Mittal, Geeta Dua ; re-arranged with an introduction by S.R. Bhatt.
260 _aDelhi :
_bOriginals,
_c2008.
300 _ax, 376 p
490 0 _aPanorama of Buddhist thought and culture ;
_v1
500 _aFirst published in Indian antiquary, from 1872 to 1933.
504 _aIncludes bibliographical references.
650 0 _aBuddhist antiquities
_zIndia.
700 1 _aMittal, P.
700 1 _aDua, Geeta.
700 1 _aBhatt, S. R.
_q(Siddheswar Rameshwar),
_d1939-
906 _a7
_bcbc
_ccopycat
_d3
_encip
_f20
_gy-gencatlg
942 _2ddc
_cBK
_h294.30954
_iMIT/O
_k294.30954
_mMIT/O